Verzeichnis der Schriften : Aufgestellt im Kunsthistorischen Institut der Universität Köln /

Uloženo v:
Podrobná bibliografie
Hlavní autor: Brinckmann, Albert Erich (autor)
Další autoři: Ladendorf, Heiz (compilación) (compilación)
Médium: Kniha
Jazyk:German
Vydáno: Colonia, Alemania : Universität zu Köln, Kunsthistorisches Institut, 1961
Tagy: Přidat tag
Žádné tagy, Buďte první, kdo vytvoří štítek k tomuto záznamu!

MARC

LEADER 00000nam^a2200000^a^4500
001 000556847
005 20250526000000.0
009 20260310131748.806
037 |a Acervo ITESO - Biblioteca 
041 |a ALE 
091 |a FHA. 01536 
100 |a Brinckmann, Albert Erich  |e (autor) 
245 1 0 |a Verzeichnis der Schriften :  |b Aufgestellt im Kunsthistorischen Institut der Universität Köln / 
264 1 |a Colonia, Alemania :  |b Universität zu Köln, Kunsthistorisches Institut,  |c 1961 
300 |a 77 p., XII p. de láminas;  |c 24.5 cm. 
336 |a texto  |b txt  |2 rdacontenido 
337 |a sin mediación  |b n  |2 rdamedio 
338 |a volumen  |b nc  |2 rdasoporte 
515 |a Inventario familia Hartung: 1897 
649 |a XX 
700 |a Ladendorf, Heiz  |e (compilación) 
910 |a Fondo Horst Hartung Franz 
920 |a Impresos - Libros 
930 |a Libros Antiguos y Raros 
905 |a 135 
901 |a 0500331854  |b IT2  |c LRA  |i D  |u 20250526 
902 |a https://opac.biblio.iteso.mx/vufind/Record/000556847